Patuhi lampu isyarat

Bibliographic Details
Main Author: Abdullah Ishak
Format: Book
Published: Kuala Lumpur : Jurus Prinsip , 2007
Series:Siri berhati-hati di jalan raya
Subjects:

MARC

LEADER 00000cam a2200000 7i4500
001 0000048477
005 20230125.0
008 150617
020 |a 9789833547685 
090 0 0 |a PR   |b MAL 
100 1 |a Abdullah Ishak 
245 1 0 |a Patuhi lampu isyarat   |c Abdullah Ishak 
260 |a Kuala Lumpur :   |b Jurus Prinsip ,   |c 2007 
300 |a 28pg. :   |b col.ill 
490 1 |a Siri berhati-hati di jalan raya 
650 0 |a Malay fiction 
999 |a 0001055095   |b Book   |c Children Collection   |e Cawangan Bukit Gambir 
999 |a 0001055096   |b Book   |c Children Collection   |e Cawangan Pontian